Catálogo público

Gorgojos y palomillas de los graneros y de las harinas (Record no. 43840)

MARC details
000 -CABECERA
campo de control de longitud fija 01106nam a22003377a 4500
003 - IDENTIFICADOR DEL NÚMERO DE CONTROL
campo de control CHAP
005 - FECHA Y HORA DE LA ÚLTIMA TRANSACCIÓN
campo de control 20220329135908.0
008 - DATOS DE LONGITUD FIJA--INFORMACIÓN GENERAL
campo de control de longitud fija 971013s1908 r 00010 d
010 ## - NÚMERO DE CONTROL DE LA BIBLIOTECA DEL CONGRESO
Número de control de LC 43840
011 ## - ENLACE DEL NUMERO DE CONTROL DE LA BIBLIOTECA DEL CONGRESO [OBSOLETO]
Número de control de LC 44812
035 ## - NÚMERO DE CONTROL DEL SISTEMA
Número de control de sistema 48951
040 ## - FUENTE DE LA CATALOGACIÓN
Centro/agencia transcriptor CHAP
090 ## - LOCALMENTE ASIGNADO TIPO-LC NÚMERO DE CLASIFICACIÓN (OCLC); NÚMERO DE CLASIFICACIÓN LOCAL (RLIN)
Número de clasificación (OCLC) (R) ; Numero de clasificación, CALL (RLIN) (NR) Folleto 5985
100 00 - ENTRADA PRINCIPAL--NOMBRE DE PERSONA
Nombre de persona Ramírez, Román.
9 (RLIN) 94368
245 ## - MENCIÓN DE TÍTULO
Título Gorgojos y palomillas de los graneros y de las harinas
260 ## - PUBLICACIÓN, DISTRIBUCIÓN, ETC.
Lugar de publicación, distribución, etc. (México, D. F.) :
Nombre del editor, distribuidor, etc. Estación Agrícola Central,
Fecha de publicación, distribución, etc. 1908
300 ## - DESCRIPCIÓN FÍSICA
Extensión 5 p.
Otras características físicas : ilus.
490 ## - MENCIÓN DE SERIE
Mención de serie Circular CIASE
Designación de volumen o secuencia ; 5
590 ## - NOTA LOCAL (RLIN)
Nota local BATCH-UPD
Procedencia (VM) [OBSOLETO] 10
Condición del los carretes individuales (VM) [OBSOLETO] 20130110
-- UCH01
-- 0325
590 ## - NOTA LOCAL (RLIN)
Nota local BATCH-UPD
Procedencia (VM) [OBSOLETO] 10
Condición del los carretes individuales (VM) [OBSOLETO] 20130110
-- UCH01
-- 2011
590 ## - NOTA LOCAL (RLIN)
Nota local BATCH-UPD
Procedencia (VM) [OBSOLETO] 10
Condición del los carretes individuales (VM) [OBSOLETO] 20130409
-- UCH01
-- 2358
590 ## - NOTA LOCAL (RLIN)
Nota local BATCH-UPD
Procedencia (VM) [OBSOLETO] 10
Condición del los carretes individuales (VM) [OBSOLETO] 20130914
-- UCH01
-- 0913
590 ## - NOTA LOCAL (RLIN)
Nota local CONVERSION
Procedencia (VM) [OBSOLETO] 10
Condición del los carretes individuales (VM) [OBSOLETO] 20130109
-- UCH01
-- 1324
650 14 - PUNTO DE ACCESO ADICIONAL DE MATERIA--TÉRMINO DE MATERIA
Término de materia o nombre geográfico como elemento de entrada Cereales
Subdivisión general Almacenamiento
-- Plagas.
9 (RLIN) 21378
650 14 - PUNTO DE ACCESO ADICIONAL DE MATERIA--TÉRMINO DE MATERIA
Término de materia o nombre geográfico como elemento de entrada Sitophilus granarius.
9 (RLIN) 106788
830 0# - PUNTO DE ACCESO ADICIONAL DE SERIE-TÍTULO UNIFORME
Título uniforme Circular CIASE
Designación de volumen o secuencia ; 5
9 (RLIN) 23374
901 ## - ELEMENTOS DE DATOS A LOCAL LDA (RLIN)
a BK
942 ## - ELEMENTOS DE PUNTO DE ACCESO ADICIONAL (KOHA)
Tipo de ítem Koha Folleto
949 ## - PROCESAMIENTO DE INFORMACIÓN LOCAL (OCLC)
a Folleto 5985
b BC
c BPP
d -110595
e BPP
i 48951
m D
s i
949 ## - PROCESAMIENTO DE INFORMACIÓN LOCAL (OCLC)
a Folleto 5985
b BC
c BPP
d -110596
e BPP
f c.2
i 48951
m D
s i
Holdings
Estado de retiro Estado de pérdida Fuente del sistema de clasificación o colocación Estado dañado No para préstamo Código de colección Localización permanente Ubicación/localización actual Fecha de adquisición Información codificada de la localización en otra ubicación Total de préstamos Signatura topográfica completa Código de barras Fecha visto por última vez Precio válido a partir de Tipo de ítem Koha Número de copia
    Clasificación Universidad Autónoma de Chapingo   Excluido de préstamo Fondo Reservado Biblioteca Central Biblioteca Central 17/12/2012 FOLL   Folleto 5985 -110595 31/12/2019 17/12/2012 Folleto  
    Clasificación Universidad Autónoma de Chapingo     Fondo Reservado Biblioteca Central Biblioteca Central 17/12/2012 FOLL   Folleto 5985 -110596 31/12/2019 17/12/2012 Folleto c.2